Alle deutschen Fußball Nationalspieler mit 50+ Länderspielen - Statistiken

Allgemein
  • Dieses Quiz wurde 325 mal gespielt
    323 seit der letzten Aktualisierung
  • Das Durchschnittsergebnis liegt bei 30 aus 77
Antwortstatistiken
Hint Antwort % Korrekt
124 Manuel Neuer
97%
131 Thomas Müller
96%
62 Gerd Müller
95%
150 Lothar Matthäus
90%
137 Miroslav Klose
89%
113 Philipp Lahm
89%
121 Bastian Schweinsteiger
88%
85 Oliver Kahn
88%
130 Lukas Podolski
83%
78 Mats Hummels
83%
103 Franz Beckenbauer
78%
76 Jerome Boateng
78%
114 Toni Kroos
77%
97 Joshua Kimmich
76%
92 Mesut Özil
74%
98 Michael Ballack
67%
104 Per Mertesacker
64%
108 Jürgen Klinsmann
62%
61 Jens Lehmann
61%
95 Karl-Heinz Rummenigge
59%
77 Sami Khedira
59%
67 Leroy Sane
58%
78 Mario Gomez
57%
95 Sepp Maier
55%
66 Mario Götze
54%
90 Rudi Völler
50%
72 Uwe Seeler
50%
81 Ilkay Gündogan
48%
57 Leon Goretzka
48%
86 Andreas Brehme
46%
78 Torsten Frings
43%
77 Antonio Rüdiger
41%
57 Andre Schürrle
40%
70 Oliver Bierhoff
37%
79 Bernd Schneider
36%
51 Matthias Sammer
36%
82 Arne Friedrich
35%
105 Jürgen Kohler
35%
61 Fritz Walter
33%
55 Kai Havertz
32%
101 Thomas Häßler
32%
59 Andreas Köpke
29%
96 Berti Vogts
29%
82 Andreas Möller
28%
57 Timo Werner
26%
76 Toni Schumacher
26%
73 Pierre Littbarski
24%
58 Julian Draxler
23%
69 Oliver Neuville
23%
54 Bodo Illgner
22%
68 Thomas Helmer
22%
51 Ulf Kirsten
18%
81 Wolfgang Overath
18%
66 Christian Wörns
16%
52 Olaf Thon
16%
69 Stefan Reuter
16%
52 Kevin Kuranyi
15%
72 Christian Ziege
14%
76 Guido Buchwald
14%
55 Jens Jeremies
14%
51 Matthias Ginter
14%
59 Dietmar Hamann
13%
56 Klaus Allofs
13%
81 Karl-Heinz Förster
10%
62 Thomas Berthold
10%
69 Manfred Kaltz
9%
51 Markus Babbel
9%
53 Rainer Bonhof
9%
72 Hans-Peter Briegel
7%
66 Horst-Dieter Höttges
6%
52 Thomas Hitzlsperger
6%
53 Bernard Dietz
5%
66 Willi Schulz
4%
71 Paul Janes
3%
53 Wolfgang Weber
2%
65 Ernst Lehner
1%
50 Herbert Erhardt
0%
Keine übereinstimmenden Quizze gefunden
Verteilung der Resultate
Anzahl Personen mit jedem Resultat
Perzentil nach korrekt beantworteten Fragen
Ihre Resultats-Entwicklung
Sie haben dieses Quiz seit der letzten Aktualisierung nicht gespielt